000
00295nam a2200109Ia 4500
008
200302s9999 xx 000 0 und d
100
_a
Tony Chapman (Ed.)
245
_a
Architecture 09- RIBA buildings of the year
260
_b
Merrell Publishers Limited, London
260
_c
2009
300
_a
270 P
999
_c
4418
_d
4418